Statystyki dla Państwa przez, które przepływa Nil

Kliknij tutaj aby rozwiązać quiz!

Ogólne statystyki

  • Ten quiz został rozwiązany 123 razy
  • Średni wynik to 6 z 8

Statystyki odpowiedzi

Państwa% Poprawnych
Egipt
99%
Sudan
91%
Sudan Południowy
89%
Etiopia
83%
Uganda
72%
Tanzania
66%
Rwanda
57%
Burundi
55%

Rozkład punktacji

Percentyl według liczby udzielonych odpowiedzi

Procent ludzi z każdym wynikiem

Twoja historia wyników

Nie rozwiązałeś tego quizu